|
|
|
|
| LEADER |
00858nam a22002532a 4500 |
| 001 |
000969271 |
| 003 |
CZ BrMZK |
| 005 |
20100312131422.0 |
| 007 |
ta |
| 008 |
091006s1959 xr er|||||||||||cze d |
| 035 |
|
|
|a (OCoLC)85321852
|
| 040 |
|
|
|a ABA001
|b cze
|d BOA001
|
| 100 |
1 |
|
|a Sabina, Karel,
|d 1813-1877
|7 jk01110239
|4 lbt
|
| 245 |
1 |
0 |
|a Prodaná nevěsta :
|b komická zpěvohra o 3 jednáních /
|c Karel Sabina ; Bedřich Smetana
|
| 250 |
|
|
|a 2. vyd. SNKLHU
|
| 260 |
|
|
|a Praha :
|b Státní nakladatelství krásné literatury,
|c 1959
|
| 300 |
|
|
|a 69 s. ;
|c 8°
|
| 490 |
1 |
|
|a Operní libreta ;
|v sv. 8
|
| 700 |
1 |
|
|a Smetana, Bedřich,
|d 1824-1884
|7 jk01120043
|4 cmp
|
| 830 |
|
0 |
|a Operní libreta
|
| 910 |
|
|
|a BOA001
|b 1-0408.966
|
| 990 |
|
|
|a BK
|
| 991 |
|
|
|b 200910
|
| 996 |
6 |
|
|b 2619422583
|c 1-0408.966
|l MZK
|r Sklad / do 1 hodiny
|n 2
|w 000969271
|u 000010
|a 1
|e BOA001
|j MZK50
|s P
|